00653cam a22002171 4500001001300000003000400013005001700017008004100034010001700075035001900092040001800111042001200129050001700141100003800158245007800196260004600274300003300320500003700353650002800390999001700418ca 16000152 DLC20260227111101.0770422s1884 xx 000 0 engs  aca 16000152  a(OCoLC)2908182 aDLCcDeUdDLC apremarc00aPN6161b.H331 a[Hartranft, Rufus Clinton]ecomp.14aThe journal of Solomon Sidesplitter [pseud.]ba collection of witticisms. aPhiladelphia,bPickwick & Company,c1884. a200 p.bincl. front.c19 cm. aCover vignette, stamped in gold. 0aAmerican wit and humor. c14890d14890